000
00242nam a2200097Ia 4500
001
889012
005
20250826182904.0
008
250824s9999 xx 000 0 und d
245
0
_a
BÖCEK ATLASI
_c
FATİH DİKMEN
260
_b
TAZE KİTAP YAYINLARI
999
_c
889012
_d
889012